| 000 | 01480nam a2200277 a 4500 | ||
|---|---|---|---|
| 001 | 000008224 | ||
| 005 | 20200929154505.0 | ||
| 008 | 090915s2006 dr ad 001 0 spa d | ||
| 040 |
_aDO-SdBNP _bspa _cBNPHU |
||
| 082 |
_a660.6 _bC748m |
||
| 111 | 2 |
_aConferencia internacional sobre organismos genéticamente modificados (Transgénicos) _n(1a. : _d2005 jun. 2-3 : _cSanto Domingo) _922295 |
|
| 245 | 1 | 0 |
_aMemoria : _btransgénicos en Santo Domingo / _cpresentación Sonia Vásquez ; edición Andrea Brechelt. |
| 246 | 0 | 3 | _aTransgénicos en Santo Domingo |
| 260 |
_aSanto Domingo : _bFAMA, _c2006. |
||
| 300 |
_a151 p. : _bil. ; _c22 cm. |
||
| 500 | _aIncluye bibliografía y notas al pie de páginas. | ||
| 505 | 0 |
_tLa situación actual de los transgénicos en América Latina -- _tLos transgénicos y la agricultura orgánica -- _tLa situación actual de la investigación sobre los transgénicos en la República Dominicana -- _tMarco jurídico de los transgénicos en la República Dominicana -- _tDeclaración final: Declaración de Santo Domingo. |
|
| 590 | _aInventariado, 2018/ YL | ||
| 650 | 4 |
_aAlimentos transgénicos _xCongresos,conferencias,etc. _922296 |
|
| 650 | 4 |
_aIngeniería genética _922297 |
|
| 650 | 4 |
_aBiotecnología _xCongresos,conferencias,etc. _922298 |
|
| 700 | 1 |
_aVásquez, Sonia, _epresent. _922299 |
|
| 700 | 1 |
_aBrechelt, Andrea, _eed. _922300 |
|
| 710 | 2 |
_aFundación Agricultura y Medio Ambiente (FAMA) _922301 |
|
| 910 | _aValidado. Control de calidad EMS | ||
| 999 |
_c7995 _d7995 |
||